គំរោងភាពជាដៃគូរសំរាប់អភិបាលកិច្ចមូលដ្ឋាន និងគំរោងស្រាវជ្រាវការគ្រប់គ្រងធនធានធម្មជាតិ ខេត្តរតនគិរី (Record no. 9830)
[ view plain ]
| 000 -LEADER | |
|---|---|
| fixed length control field | 00515nam a22001217a 4500 |
| 040 ## - CATALOGING SOURCE | |
| Transcribing agency | SY |
| 082 ## - DEWEY DECIMAL CLASSIFICATION NUMBER | |
| Classification number | 320 |
| 100 ## - MAIN ENTRY--AUTHOR NAME | |
| Personal name | ជូ គីតស្វៀ |
| 245 ## - TITLE STATEMENT | |
| Title | គំរោងភាពជាដៃគូរសំរាប់អភិបាលកិច្ចមូលដ្ឋាន និងគំរោងស្រាវជ្រាវការគ្រប់គ្រងធនធានធម្មជាតិ ខេត្តរតនគិរី |
| 260 ## - PUBLICATION, DISTRIBUTION, ETC. (IMPRINT) | |
| Place of publication | NA |
| Name of publisher | ជូ |
| Year of publication | 2002 |
| 300 ## - PHYSICAL DESCRIPTION | |
| Number of Pages | 142p. |
| 942 ## - ADDED ENTRY ELEMENTS (KOHA) | |
| Koha item type | សៀវភៅភាសាខ្មែរ |
| 952 ## - LOCATION AND ITEM INFORMATION (KOHA) | |
| Withdrawn status [LOCAL, KOHA] | 0 |
| Permanent Location | Date acquired | Koha item type | Lost status | Shelving location | Barcode | Current Location | Full call number |
|---|---|---|---|---|---|---|---|
| Library Block C | 2016-09-14 | សៀវភៅភាសាខ្មែរ | C196 | RUA41580 | Library Block C | 320 ជូ 2002 C196 |